000 00980nam a2200241 a 4500
001 000000914
005 20240530073910.0
008 090609s2004 dr 001 0 spa d
020 _a9993432024
020 _a9789993432029
040 _aDO-SdBNP
_bspa
_cBNPHU
082 _aRD863 .44
_bS715f
100 1 _aSosa Sosa, Diego A.,
_d1966
_93236
245 1 0 _a¿Forastero yo? /
_cDiego A. Sosa Sosa.
246 1 4 _a¿Forastero yo?:
_buna historia de cambio
260 _aSanto Domingo :
_bArgos,
_c2004.
270 _aArgos
_aP.O. Box 2806
_bSanto Domingo
_dRepública Dominicana
_k809-537-2691
300 _a176 p. ;
_c21.5 cm.
505 2 _aPrólogo -- Un peatón deslumbrante -- En la tranquilidad del campo -- Del campo a la ciudad -- Primer paso al extranjero -- El retorno a la isla -- La reunión -- De la pampa a la pampa -- De la pampa a sampa -- Volver-volver.
590 _aInventariado, 2020 / DG
650 0 _aNovela dominicana
_9223
650 0 _aLiteratura dominicana.
_967
999 _c905
_d905